=LDR 00000nam 2200000 4500 =001 INLIS000000000011468 =005 20130612103029 =008 ***********************************Ind** =035 ##$$0010-061300000011468 =041 ##$$a Ind =082 ##$$a 346 044 =090 ##$$a 346 044, Tob i =100 ##$$a Tobing, M.L =245 ##$$a Ikhtisan hukum lingkungan hidup, ML.Tobing S.H =260 ##$$a 1983 $b jakarta =300 ##$$a 76 hlm., 21 cm =850 ##$$a NBPNMAT